| 000 | 00603nam a2200217 i 4500 | ||
|---|---|---|---|
| 001 | 8415 | ||
| 003 | ES-MaACL | ||
| 005 | 20230906145443.0 | ||
| 007 | t| | ||
| 008 | 920616s1991 sp ||||1| spa d | ||
| 020 | _a84-7052-185-3 | ||
| 080 | _a351.777.81(46) | ||
| 080 | _a711:351.777.81 (46) | ||
| 100 | 1 |
_aFernández, Tomás-Ramón. _949432 |
|
| 245 | 1 | 0 |
_aManual de derecho urbanístico / _cTomás Ramón Fernández. |
| 250 | _a9ª ed. | ||
| 260 |
_aMadrid : _bAbella, _c1991. |
||
| 300 |
_a286 p. ; _c17 cm. |
||
| 650 |
_aDerecho urbanístico- _zEspaña. _9145987 |
||
| 852 |
_aES-MaACL _jL-15752 |
||
| 999 |
_c8415 _d8415 |
||